[Event "Montevideo Duchamp Cup 4th"]
[Site "Montevideo"]
[Date "2020.02.11"]
[Round "5"]
[White "Barandiaran, Gabriel"]
[Black "Maestro, Esteban"]
[Result "1-0"]
[WhiteElo "1834"]
[BlackElo "1571"]
[PlyCount "57"]
[EventDate "2020.02.08"]
[EventType "swiss"]
[EventRounds "9"]
[EventCountry "URU"]
[SourceTitle "CBM 194 Extra"]
[Source "ChessBase"]
[SourceDate "2020.03.31"]
[SourceVersion "1"]
[SourceVersionDate "2020.03.31"]
[SourceQuality "1"]

1. e4 e5 2. Nf3 Nc6 3. Bc4 Bc5 4. d3 Nf6 5. c3 d6 6. 0-0 a6 7. Bg5 h6 8. Bh4 g5 9. Bg3 Nh5 10. Nxe5 Nxe5 11. Bxe5 dxe5 12. Qxh5 Qf6 13. Nd2 Qf4 14. Nf3 Rf8 15. h3 g4 16. Qxe5+ Qxe5 17. Nxe5 gxh3 18. g3 h5 19. d4 Bd6 20. Nd3 f6 21. Rfe1 Bg4 22. e5 fxe5 23. Nxe5 Bxe5 24. Rxe5+ Kd7 25. Rae1 Rae8 26. Rxe8 Rxe8 27. Rxe8 Kxe8 28. Kh2 Ke7 29. Bf1 1-0

[Event "Montevideo Trebejos Nostalgico op"]
[Site "Montevideo"]
[Date "2019.08.21"]
[Round "6"]
[White "Souto, Andres"]
[Black "Maestro, Esteban"]
[Result "0-1"]
[WhiteElo "1255"]
[BlackElo "1528"]
[PlyCount "73"]
[EventDate "2019.08.05"]
[EventType "swiss"]
[EventRounds "6"]
[EventCountry "URU"]
[SourceTitle "EXT 2020"]
[Source "ChessBase"]
[SourceDate "2019.10.17"]
[SourceVersion "1"]
[SourceVersionDate "2019.10.17"]
[SourceQuality "1"]

1. d4 Nf6 2. Bg5 d5 3. Bxf6 gxf6 4. g3 e5 5. e3 Bf5 6. Bg2 c6 7. c3 Nd7 8. Nd2 Bd6 9. Ne2 Qc7 10. e4 Be6 11. b3 Nb6 12. Qc2 h5 13. h4 0-0-0 14. c4 Bb4 15. c5 Bxd2+ 16. Qxd2 Nd7 17. 0-0 dxe4 18. Bxe4 Nxc5 19. Qe3 Nxe4 20. Qxe4 Rd5 21. Rad1 f5 22. Qe3 f6 23. f4 e4 24. Rd2 Rd7 25. Rfd1 Qb6 26. Nc3 Rg8 27. Kf2 Rdg7 28. Rg1 Rd7 29. Na4 Qc7 30. Nc5 Rd6 31. Rc1 Rgd8 32. Nxe6 Rxe6 33. Rc5 Rd5 34. Rdc2 Red6 35. Rxd5 Rxd5 36. a4 Kb8 37. Qe2 0-1

[Event "Montevideo Duchamp Cup 3rd"]
[Site "Montevideo"]
[Date "2019.02.15"]
[Round "8"]
[White "Maestro, Esteban"]
[Black "Araque, Jairo"]
[Result "0-1"]
[WhiteElo "1533"]
[BlackElo "1961"]
[PlyCount "68"]
[EventDate "2019.02.09"]
[EventType "swiss"]
[EventRounds "9"]
[EventCountry "URU"]
[SourceTitle "CBM 188 Extra"]
[Source "ChessBase"]
[SourceDate "2019.02.26"]
[SourceVersion "1"]
[SourceVersionDate "2019.02.26"]
[SourceQuality "1"]

1. e4 e6 2. d4 d5 3. Nc3 Nf6 4. e5 Nfd7 5. f4 c5 6. Nf3 Nc6 7. Be3 a6 8. Qd2 g6 9. 0-0-0 b5 10. dxc5 Nxc5 11. a3 b4 12. axb4 Nxb4 13. Bxc5 Bxc5 14. Nd4 Bd7 15. Nb3 Be7 16. Kb1 Rc8 17. Qe3 Qc7 18. Be2 Rb8 19. Rd2 h5 20. g3 a5 21. Na2 a4 22. Nd4 Qb7 23. c4 dxc4 24. Rc1 Nd5 25. Qf3 c3 26. Nxc3 Nxc3+ 27. Qxc3 Bb4 28. Qc2 Bxd2 29. Qxd2 Qb4 30. Qxb4 Rxb4 31. Nc2 Rb8 32. Bd1 Ke7 33. Nd4 Rhc8 34. Rxc8 Rxc8 0-1

[Event "Montevideo Duchamp Cup 3rd"]
[Site "Montevideo"]
[Date "2019.02.14"]
[Round "7"]
[White "Chamlian, Aram"]
[Black "Maestro, Esteban"]
[Result "0-1"]
[WhiteElo "1739"]
[BlackElo "1533"]
[PlyCount "104"]
[EventDate "2019.02.09"]
[EventType "swiss"]
[EventRounds "9"]
[EventCountry "URU"]
[SourceTitle "CBM 189 Extra"]
[Source "ChessBase"]
[SourceDate "2019.06.03"]
[SourceVersion "1"]
[SourceVersionDate "2019.06.03"]
[SourceQuality "1"]

1. e4 e5 2. Nf3 Nc6 3. Bc4 Bc5 4. b4 Bxb4 5. c3 Ba5 6. d4 d6 7. Qb3 Qd7 8. 0-0 Bb6 9. Ng5 Nh6 10. Be3 Na5 11. Qb4 Nxc4 12. Qxc4 0-0 13. f4 Ng4 14. Bd2 h6 15. Nf3 Qe6 16. Qe2 f5 17. h3 fxe4 18. Qxe4 Nf6 19. Qg6 e4 20. Re1 Qf5 21. Nh4 Qxg6 22. Nxg6 Re8 23. g4 h5 24. g5 Kh7 25. gxf6 Kxg6 26. fxg7 Kxg7 27. Kh2 Bd7 28. Rg1+ Kf6 29. Be3 Rg8 30. Nd2 d5 31. Rg5 Rxg5 32. fxg5+ Kg6 33. Rf1 Bf5 34. Rf2 Ba5 35. Nb1 c6 36. Kg2 Rf8 37. h4 Rf7 38. Bf4 Bg4 39. Be3 Rxf2+ 40. Kxf2 Bd1 41. Bd2 Bc2 42. Na3 Bd3 43. Ke3 Kf5 44. Kf2 Bc7 45. Bc1 Bd6 46. Kg2 b5 47. c4 dxc4 48. d5 b4 49. dxc6 bxa3 50. Bxa3 Bc7 51. Kf2 c3 52. Bc1 Bb5 0-1